[Event "GER-ch U12"]
[Site "Oberhof"]
[Date "2012.05.28"]
[Round "4"]
[White "Sauer, Annika"]
[Black "Edelmann, Jonas"]
[Result "1/2-1/2"]
[WhiteElo "1501"]
[BlackElo "1289"]
[PlyCount "43"]
[EventDate "2012.05.27"]
[EventType "swiss"]
[EventRounds "11"]
[EventCountry "GER"]
[SourceTitle "CBM 148 Extra"]
[Source "ChessBase"]
[SourceDate "2012.06.22"]
[SourceVersion "1"]
[SourceVersionDate "2012.06.22"]
[SourceQuality "1"]

1. e4 c5 2. Nf3 e6 3. d4 cxd4 4. Nxd4 a6 5. Nc3 b5 6. a3 Bb7 7. Be2 d6 8. Be3 Nd7 9. 0-0 Ngf6 10. Qd3 Qc7 11. f3 Be7 12. Nb3 Ne5 13. Qd1 0-0 14. Nd2 Rac8 15. Bd4 d5 16. f4 Ng6 17. e5 Ne4 18. Rc1 f5 19. g3 Bc5 20. Nf3 Qb6 21. Kg2 Bxd4 22. Nxd4 1/2-1/2

[Event "GER-ch Schools U18 Girls"]
[Site "Germany"]
[Date "2010.05.08"]
[Round "6.3"]
[White "Sauer, Annika"]
[Black "Taera, Nadhi"]
[Result "1-0"]
[WhiteElo "1033"]
[BlackElo "800"]
[PlyCount "39"]
[EventDate "2010.05.07"]
[EventType "team-swiss"]
[EventRounds "7"]
[EventCountry "GER"]
[SourceTitle "EXT 2011"]
[Source "ChessBase"]
[SourceDate "2010.11.26"]
[SourceVersion "1"]
[SourceVersionDate "2010.11.26"]
[SourceQuality "1"]
[WhiteTeam "Leegebruch (W)"]
[BlackTeam "Berlin FvSG (W)"]
[WhiteTeamCountry "GER"]
[BlackTeamCountry "GER"]

1. e4 e5 2. Nf3 Nc6 3. Bc4 Nf6 4. d3 d6 5. Nc3 Bg4 6. Bg5 Be7 7. 0-0 0-0 8. h3 Bxf3 9. Qxf3 Nd4 10. Qg3 Nxc2 11. Bh6 Nh5 12. Qg4 g6 13. Bxf8 Kxf8 14. Rac1 Nd4 15. Nb5 Nf6 16. Qh4 Nc6 17. Qh6+ Ke8 18. Qg7 Kd7 19. Qxf7 a6 20. Be6# 1-0